[Event "Sydney International Open"]
[Site "*"]
[Date "2007.04.13"]
[Round "7.41"]
[White "Cvetkoski, Tode"]
[Black "Mendes da Costa, Alex"]
[Result "0-1"]
[WhiteElo "1705"]
[BlackElo "2017"]
[PlyCount "114"]

1. e4 e5 2. Nf3 Nc6 3. c3 Nf6 4. Qc2 d5 5. exd5 Qxd5 6. d3 Bg4 7. Be2 O-O-O 8.
h3 Bh5 9. Be3 Bg6 10. Nbd2 Bxd3 11. Bxd3 Qxd3 12. Qxd3 Rxd3 13. O-O-O Nd5 14.
Nc4 Rxd1+ 15. Rxd1 Nxe3 16. Nxe3 Bc5 17. b4 Bxe3+ 18. fxe3 f6 19. e4 Rd8 20.
Rxd8+ Kxd8 21. Kd2 Ke7 22. g4 Nd8 23. h4 Ne6 24. Ke3 Kd6 25. Nd2 Nf4 26. h5 Ne6
27. Nc4+ Kc6 28. Nb2 a5 29. a3 axb4 30. axb4 Kb5 31. Kd3 Nd8 32. Nc4 Nf7 33.
Ne3 Nh6 34. Ke2 c6 35. Kd3 g6 36. Kd2 Nf7 37. Kd3 Nd6 38. hxg6 hxg6 39. Ng2 f5
40. gxf5 gxf5 41. exf5 Nxf5 42. Ke4 Ng3+ 43. Kf3 Nf1 44. Ke2 Kc4 45. Kxf1 Kxc3
46. Ne1 e4 47. Ke2 Kxb4 48. Ke3 Kc3 49. Kxe4 b5 50. Nd3 b4 51. Nxb4 Kxb4 52.
Kd3 c5 53. Kc2 Kc4 54. Kb2 Kd3 55. Kc1 Kc3 56. Kb1 Kd2 57. Kb2 c4 0-1

[Event "Sydney International Open"]
[Site "*"]
[Date "2007.04.13"]
[Round "7.42"]
[White "Uttam, Kumar Saha"]
[Black "Harris, Benjamin"]
[Result "1-0"]
[WhiteElo "2016"]
[BlackElo "1819"]
[PlyCount "75"]

1. e4 c5 2. Nf3 e6 3. d4 cxd4 4. Nxd4 Nf6 5. Nc3 Nc6 6. Be2 Bb4 7. Nxc6 bxc6 8.
Bd3 d5 9. exd5 cxd5 10. O-O O-O 11. Bg5 h6 12. Bh4 Bb7 13. Qf3 Be7 14. Rad1 Qb6
15. Qh3 Rad8 16. Rfe1 Rfe8 17. Re5 a6 18. Rde1 d4 19. Na4 Qc7 20. Bg3 Bd6 21.
Rc5 Qe7 22. Bxd6 Rxd6 23. Qg3 Bd5 24. b3 Rc6 25. Rxc6 Bxc6 26. Bxa6 Bxa4 27.
bxa4 Qb4 28. Qe5 Rd8 29. Bb5 Nd5 30. g3 Ne3 31. Rc1 Qd2 32. Ra1 Nxc2 33. Qc7
Rd5 34. Qb8+ Kh7 35. Rf1 Qc3 36. a5 Na3 37. Be8 Rxa5 38. Bxf7 1-0

[Event "Sydney International Open"]
[Site "*"]
[Date "2007.04.13"]
[Round "7.43"]
[White "Lovejoy, David"]
[Black "Yuen, Jonathan"]
[Result "0-1"]
[WhiteElo "2003"]
[BlackElo "1670"]
[PlyCount "52"]

1. e4 d5 2. exd5 Nf6 3. Bb5+ Bd7 4. Bc4 c6 5. dxc6 Nxc6 6. Nf3 Bg4 7. h3 Bh5 8.
d3 e6 9. Be3 Bd6 10. Nbd2 Qc7 11. d4 Bf4 12. Bxf4 Qxf4 13. c3 O-O-O 14. Bb5
Nxd4 15. cxd4 Kb8 16. Be2 e5 17. O-O e4 18. Ne5 Rxd4 19. Qb3 Qxe5 20. Bxh5 Nxh5
21. Nc4 Qg5 22. Ne3 Nf4 23. Qxf7 Nxh3+ 24. Kh2 Nf4 25. Rad1 Qh4+ 26. Kg1 Ne2#
0-1

[Event "Sydney International Open"]
[Site "*"]
[Date "2007.04.13"]
[Round "7.44"]
[White "Davis, Tony J"]
[Black "Nakauchi, Gene"]
[Result "0-1"]
[WhiteElo "1978"]
[BlackElo "1703"]
[PlyCount "84"]

1. d4 d5 2. Nf3 Nf6 3. Nc3 g6 4. Bg5 Bg7 5. Qd2 Bf5 6. Nh4 h6 7. Nxf5 gxf5 8.
Bf4 Ne4 9. Nxe4 fxe4 10. g4 f6 11. h4 e5 12. Bh2 Qd7 13. Rg1 Nc6 14. c3 O-O-O
15. O-O-O Rhe8 16. e3 a6 17. Be2 Kb8 18. Rg2 Bf8 19. Rf1 exd4 20. exd4 b5 21.
Bf4 Qh7 22. Rfg1 Bd6 23. Bxh6 e3 24. Bxe3 Qxh4 25. Bd3 Ne7 26. Qd1 Rh8 27. Kc2
Qh3 28. Bf1 f5 29. gxf5 Nxf5 30. Rg3 Qh7 31. Rg6 Nh4 32. Bd3 Nxg6 33. Rxg6 Qh2
34. Qf3 Rhf8 35. Qg4 Bf4 36. Kb3 Bxe3 37. fxe3 Rf2 38. Kb4 Rxb2+ 39. Kc5 Qd2
40. Rb6+ cxb6+ 41. Kxb6 Qxc3 42. Qf4+ Ka8 0-1

[Event "Sydney International Open"]
[Site "*"]
[Date "2007.04.13"]
[Round "7.45"]
[White "Rachmadi, Herman"]
[Black "Tredinnick, Malcolm Robert"]
[Result "0-1"]
[WhiteElo "1862"]
[BlackElo "2205"]
[PlyCount "162"]

1. d4 d5 2. c4 e6 3. Nc3 c6 4. Nf3 Nf6 5. cxd5 exd5 6. Bg5 Bf5 7. e3 Qb6 8. Qc1
Nbd7 9. Be2 Bd6 10. O-O O-O 11. a3 Qc7 12. b4 Ne4 13. Nxe4 dxe4 14. Nh4 Be6 15.
g3 h6 16. Bf4 g5 17. Bxd6 Qxd6 18. Ng2 a5 19. Qc2 axb4 20. axb4 Bd5 21. Qc3 b5
22. Rfb1 Nb6 23. Ne1 Ba2 24. Rc1 Bc4 25. Bxc4 Nxc4 26. Nc2 Rfc8 27. Na3 Nb6 28.
Qb2 Ra4 29. Rc5 Rca8 30. Nc2 Rxa1+ 31. Nxa1 Na4 32. Qa2 Rf8 33. Rc1 Qxb4 34.
Rxc6 Qe1+ 35. Kg2 Nc3 36. Qa5 b4 37. Qxb4 Qxa1 38. Rxc3 Qd1 39. Qc4 Rb8 40. Rc1
Qf3+ 41. Kg1 Rb2 42. Rf1 Rd2 43. Qc3 Rd1 44. Qc4 Rxf1+ 45. Qxf1 g4 46. Qe1 Kf8
47. Qd2 Ke7 48. Qb4+ Kd7 49. Qb3 Kd6 50. Qb8+ Kd5 51. Qf4 Qxf4 52. gxf4 h5 53.
h3 f5 54. h4 Kc4 55. Kf1 Kb4 56. Ke2 Kc4 57. Kd2 Kb4 58. Kc2 Kc4 59. Kb1 Kb5
60. Ka2 Ka4 61. Kb1 Kb5 62. Kc2 Kc4 63. Kb2 Kb4 64. Ka2 Ka4 65. d5 Kb5 66. Kb3
Kc5 67. Ka4 Kxd5 68. Kb5 Kd6 69. Kb6 Kd5 70. Kc7 Kc4 71. Kd6 Kd3 72. Ke5 g3 73.
fxg3 Kxe3 74. g4 Kf3 75. gxh5 e3 76. h6 e2 77. Kf6 e1=Q 78. h5 Qh4+ 79. Kg6
Qg4+ 80. Kf6 Qxh5 81. Kg7 Kxf4 0-1

[Event "Sydney International Open"]
[Site "*"]
[Date "2007.04.13"]
[Round "7.46"]
[White "Smith, Vivian"]
[Black "Tulevski, Vasil G"]
[Result "1-0"]
[WhiteElo "1742"]
[BlackElo "2001"]
[PlyCount "109"]

1. e4 c5 2. Nc3 Nc6 3. f4 g6 4. Nf3 Bg7 5. Bc4 e6 6. O-O Nge7 7. d3 Na5 8. Bb3
d5 9. Ba4+ Nac6 10. Qe1 O-O 11. Bxc6 Nxc6 12. e5 Ne7 13. Ne2 b6 14. c3 Ba6 15.
Qd1 Nf5 16. g4 Ne7 17. Ng3 Nc6 18. Re1 Qc7 19. g5 Rac8 20. h4 h5 21. gxh6 Bxh6
22. h5 Ne7 23. Re2 Nf5 24. Rg2 Kh7 25. hxg6+ fxg6 26. Nxf5 exf5 27. d4 Qe7 28.
Be3 Rg8 29. Qd2 Kg7 30. Kf2 Qf7 31. Rag1 Kf8 32. Rh2 Bg7 33. Ng5 Qe8 34. dxc5
Qc6 35. Rd1 Rd8 36. b4 Rh8 37. Rxh8+ Bxh8 38. Rh1 Bg7 39. Bd4 bxc5 40. Bxc5+
Ke8 41. Bd4 Bc8 42. Rh7 Bf8 43. Rxa7 Qb5 44. a4 Qc4 45. Qe2 Qb3 46. b5 Rd7 47.
Ra8 Rc7 48. b6 Rc4 49. Nh7 Bb4 50. b7 Be7 51. bxc8=Q+ Rxc8 52. Rxc8+ Kd7 53.
Ra8 Bh4+ 54. Kf3 Qb1 55. Qb5+ 1-0

[Event "Sydney International Open"]
[Site "*"]
[Date "2007.04.13"]
[Round "7.47"]
[White "Lo, Anthony"]
[Black "Forster, William"]
[Result "1-0"]
[WhiteElo "1676"]
[BlackElo "1983"]
[PlyCount "65"]

1. d4 Nf6 2. Nf3 e6 3. c4 b6 4. Nc3 Bb4 5. a3 Bxc3+ 6. bxc3 Bb7 7. Bg5 h6 8.
Bh4 d6 9. e3 Nbd7 10. Bg3 Ne4 11. Qb3 Nxg3 12. hxg3 e5 13. Nd2 Qf6 14. Qa4 Qf5
15. d5 a5 16. e4 Qg6 17. Be2 O-O-O 18. Bh5 Qf6 19. Bg4 Qe7 20. Rb1 Kb8 21. Qb5
Nc5 22. Ke2 Rdf8 23. f3 g6 24. Bh3 f5 25. exf5 gxf5 26. Nf1 Ba6 27. Qxa5 Bxc4+
28. Kf2 Kb7 29. Kg1 Qg5 30. Qb4 Bxf1 31. Kxf1 Qd2 32. c4 Nd3 33. Qxd2 1-0

[Event "Sydney International Open"]
[Site "*"]
[Date "2007.04.13"]
[Round "7.48"]
[White "Holland, Dennis"]
[Black "Hvistendahl, Robert"]
[Result "1-0"]
[WhiteElo "1961"]
[BlackElo "1855"]
[PlyCount "47"]

1. d4 d5 2. c4 e6 3. Nf3 c6 4. e3 Nf6 5. Nbd2 Nbd7 6. Bd3 Be7 7. O-O O-O 8. b3
b6 9. e4 dxe4 10. Nxe4 Bb7 11. Qe2 Nxe4 12. Bxe4 Nf6 13. Bc2 c5 14. dxc5 Bxc5
15. Bb2 Be7 16. Rad1 Qc7 17. Nd4 Rfd8 18. a3 Rac8 19. Rfe1 Bf8 20. Nf3 Qf4 21.
Ne5 Ne4 22. g3 Nxg3 23. hxg3 Qh6 24. f3 1-0

[Event "Sydney International Open"]
[Site "*"]
[Date "2007.04.13"]
[Round "7.49"]
[White "Korenevski, Oleg"]
[Black "Christensen, Joshua"]
[Result "1/2-1/2"]
[WhiteElo "1933"]
[BlackElo "1605"]
[PlyCount "100"]

1. d4 d5 2. Nc3 Nf6 3. Bg5 Nbd7 4. Nf3 g6 5. e3 Bg7 6. Be2 O-O 7. O-O c6 8. Qd3
a5 9. a4 Qb6 10. h3 Re8 11. Bf4 Nf8 12. g4 h5 13. Ne5 Ne6 14. Bg3 Ng5 15. Kg2
hxg4 16. hxg4 Nge4 17. f3 Nxg3 18. Kxg3 Nd7 19. f4 Nxe5 20. fxe5 Be6 21. Bf3
Bh6 22. Ne2 Kg7 23. Nf4 Bxf4+ 24. exf4 c5 25. dxc5 Qxc5 26. Rh1 Qc4 27. Qxc4
dxc4 28. Bxb7 Rab8 29. Bc6 Red8 30. Bb5 Rd2 31. Rh2 Rxh2 32. Kxh2 Rd8 33. Kg3
Rd2 34. Ra3 Rxc2 35. Rc3 Rxb2 36. Bxc4 Bxc4 37. Rxc4 Rb4 38. Rc7 e6 39. f5 gxf5
40. gxf5 exf5 41. e6 f4+ 42. Kf3 Kf8 43. Rxf7+ Ke8 44. Rxf4 Ke7 45. Rxb4 axb4
46. Ke4 Kxe6 47. Kd4 Kd6 48. Kc4 b3 49. Kxb3 Kc6 50. Kb4 Kb6 1/2-1/2

[Event "Sydney International Open"]
[Site "*"]
[Date "2007.04.13"]
[Round "7.50"]
[White "Cohn, Jason"]
[Black "Tsagarakis, Angelo"]
[Result "0-1"]
[WhiteElo "1612"]
[BlackElo "1901"]
[PlyCount "98"]

1. e4 Nf6 2. Nc3 d5 3. exd5 Nxd5 4. Bc4 Nxc3 5. Qf3 e6 6. Qxc3 Qg5 7. Qf3 Nc6
8. d4 Qa5+ 9. Bd2 Qb6 10. d5 Qxb2 11. Qc3 Qxc3 12. Bxc3 Bb4 13. Bxb4 Nxb4 14.
O-O-O O-O 15. dxe6 Bxe6 16. Bxe6 fxe6 17. a3 Nd5 18. Nf3 Rad8 19. Rhe1 Nf4 20.
Rxd8 Rxd8 21. g3 Nh3 22. Rxe6 Nxf2 23. Re7 Rc8 24. Nd4 Ng4 25. Ne6 g6 26. Nxc7
Nxh2 27. Nd5 Ng4 28. Rxb7 Rc5 29. Nf4 Ra5 30. Kb2 g5 31. Ne6 h6 32. Nd4 Ne5 33.
Kb3 h5 34. Ne6 Nf7 35. Re7 Re5 36. Re8+ Kh7 37. Nxg5+ Rxg5 38. Re7 Kg6 39. Rxa7
Rxg3+ 40. Kb4 h4 41. Re7 h3 42. Re1 Rg4+ 43. Kb5 h2 44. Rh1 Rh4 45. a4 Nd6+ 46.
Kc6 Nc4 47. Kb5 Na3+ 48. Kb6 Nxc2 49. a5 Nb4 0-1

[Event "Sydney International Open"]
[Site "*"]
[Date "2007.04.13"]
[Round "7.51"]
[White "Ilic, Ilija"]
[Black "Ross, Bill"]
[Result "1-0"]
[WhiteElo "2170"]
[BlackElo "1533"]
[PlyCount "63"]

1. d4 Nf6 2. Nc3 g6 3. Bf4 Bg7 4. e4 d6 5. Qd2 Nc6 6. O-O-O h6 7. Be2 b6 8. h4
Bb7 9. d5 Nb4 10. g4 Qd7 11. f3 a5 12. Kb1 Ba6 13. a3 Bxe2 14. Ngxe2 Na6 15. g5
hxg5 16. hxg5 Rxh1 17. Rxh1 Nh5 18. Be3 O-O-O 19. Qd3 Kb7 20. f4 Nc5 21. Bxc5
dxc5 22. Rf1 Rh8 23. e5 Qg4 24. Ne4 Qg2 25. Rd1 Nxf4 26. Nxf4 Qh2 27. Nxc5+
bxc5 28. Qb5+ Kc8 29. Qa6+ Kb8 30. Nd3 Qe2 31. Re1 Rh1 32. Rxh1 1-0

[Event "Sydney International Open"]
[Site "*"]
[Date "2007.04.13"]
[Round "7.52"]
[White "Pickering, Anthony"]
[Black "Leong, Edward"]
[Result "1-0"]
[WhiteElo "1961"]
[BlackElo "1510"]
[PlyCount "37"]

1. e4 c5 2. Nf3 e6 3. d4 cxd4 4. Nxd4 Nc6 5. Nc3 a6 6. Nxc6 bxc6 7. Bd3 Bc5 8.
O-O Ne7 9. Kh1 Ng6 10. f4 O-O 11. Qh5 d6 12. e5 a5 13. Ne4 Ba6 14. c4 Qe7 15.
Rf3 d5 16. Rh3 h6 17. Nf6+ Kh8 18. Qxh6+ gxh6 19. Rxh6+ 1-0

[Event "Sydney International Open"]
[Site "*"]
[Date "2007.04.13"]
[Round "7.53"]
[White "Guo, Emma"]
[Black "Yu, Derek"]
[Result "0-1"]
[WhiteElo "1543"]
[BlackElo "1958"]
[PlyCount "124"]

1. d4 d5 2. Nf3 Nf6 3. e3 c5 4. c3 Nc6 5. Bd3 Bg4 6. Nbd2 e6 7. O-O Bd6 8. Qa4
c4 9. Bb1 O-O 10. h3 Bh5 11. Nh2 a6 12. f4 b5 13. Qc2 Bg6 14. Qd1 Bxb1 15. Rxb1
Nd7 16. Nhf3 f5 17. Ne5 Ndxe5 18. fxe5 Be7 19. Nf3 Qe8 20. Bd2 h5 21. h4 Nd8
22. Qe1 Nf7 23. Qg3 Kh7 24. Be1 Rg8 25. Ng5+ Nxg5 26. hxg5 Qg6 27. Kh2 Bxg5 28.
Rh1 f4 29. exf4 Qxb1 30. Qxg5 Qg6 31. Qh4 Qg4 32. Qxg4 hxg4 33. Kg3+ Kg6 34.
Kxg4 Rh8 35. Bh4 a5 36. a3 Rab8 37. g3 b4 38. axb4 axb4 39. Rc1 bxc3 40. bxc3
Rb3 41. Kf3 Ra8 42. Ke2 Kf5 43. Rc2 Ke4 44. Be7 Rh8 45. Bh4 Rhb8 46. Kd2 Rb2
47. Bg5 Rxc2+ 48. Kxc2 Ra8 49. Kb2 Kd3 50. Be7 Rh8 51. Bh4 Rb8+ 52. Kc1 Kxc3
53. g4 Kd3 54. Be1 c3 55. Bxc3 Kxc3 56. f5 Kxd4 57. f6 Kxe5 58. fxg7 Rg8 59. g5
Rxg7 60. g6 Rg8 61. g7 Ra8 62. g8=Q Rxg8 0-1

[Event "Sydney International Open"]
[Site "*"]
[Date "2007.04.13"]
[Round "7.54"]
[White "Wan, Dennis"]
[Black "Maroroa, Sue"]
[Result "1/2-1/2"]
[WhiteElo "1525"]
[BlackElo "1932"]
[PlyCount "49"]

1. Nf3 Nc6 2. d4 d5 3. e3 a6 4. Bd3 Nf6 5. O-O Bg4 6. Be2 e6 7. Ne5 Nxe5 8.
dxe5 Bxe2 9. Qxe2 Nd7 10. f4 Bc5 11. Bd2 c6 12. b4 Ba7 13. c3 b5 14. Na3 a5 15.
Nc2 O-O 16. a3 a4 17. Kh1 Nb6 18. Rae1 Qd7 19. Rf3 Nc4 20. Bc1 f6 21. exf6 Rxf6
22. e4 Raf8 23. Rd3 Bb8 24. e5 R6f7 25. g3 1/2-1/2

[Event "Sydney International Open"]
[Site "*"]
[Date "2007.04.13"]
[Round "7.55"]
[White "Bekker, Gary D"]
[Black "Evans, Carrie"]
[Result "1-0"]
[WhiteElo "1904"]
[BlackElo "1461"]
[PlyCount "115"]

1. e4 d6 2. d4 Nf6 3. Nc3 g6 4. f4 Bg7 5. Nf3 c5 6. dxc5 Qa5 7. Bb5+ Bd7 8.
Bxd7+ Nbxd7 9. Bd2 Qxc5 10. Qe2 O-O 11. O-O-O a6 12. Rdg1 Nb6 13. Be3 Qc6 14.
Bd4 Nfd7 15. Bxg7 Kxg7 16. g4 Qc4 17. Qe3 Rac8 18. Nd4 Na4 19. Nde2 Qb4 20.
Nxa4 Qxa4 21. Nc3 Qc4 22. h4 b5 23. Qe2 Qxe2 24. Nxe2 Rc4 25. Ng3 Rfc8 26. Rg2
Nf6 27. Re1 b4 28. g5 Nd7 29. h5 a5 30. hxg6 hxg6 31. Rh2 a4 32. Reh1 Nf8 33.
f5 b3 34. axb3 axb3 35. c3 Ra8 36. Kd2 Rca4 37. Kd3 Ra1 38. Kc4 Rxh1 39. Rxh1
Rb8 40. Ne2 Nd7 41. Rh3 Ne5+ 42. Kd4 Ra8 43. Nc1 Rb8 44. Nd3 Nxd3 45. Kxd3 f6
46. gxf6+ exf6 47. fxg6 Kxg6 48. Kc4 Kg5 49. Rf3 Kg6 50. Rf5 Kf7 51. Rd5 Ke6
52. Kd4 Rb7 53. c4 Rb4 54. Rb5 Rxb5 55. cxb5 d5 56. exd5+ Kd6 57. b6 f5 58. Ke3
1-0

[Event "Sydney International Open"]
[Site "*"]
[Date "2007.04.13"]
[Round "7.57"]
[White "Wu, Shirley"]
[Black "Escalante, Lorenzo"]
[Result "0-1"]
[WhiteElo "1502"]
[BlackElo "1855"]
[PlyCount "52"]

1. e4 c5 2. Nf3 Nc6 3. d4 cxd4 4. Nxd4 e6 5. Nc3 Bc5 6. Nb3 Bb6 7. Qd3 Nf6 8.
f4 O-O 9. a3 d5 10. exd5 exd5 11. Be2 Re8 12. Kd1 d4 13. Na4 Rxe2 14. Kxe2 Qd5
15. Kf1 Bf5 16. Qg3 Qc4+ 17. Kg1 Qxa4 18. h3 d3+ 19. Kh2 dxc2 20. Nd2 Rd8 21.
Re1 Bc7 22. Rf1 Nd4 23. Qf2 Re8 24. Nf3 Nb3 25. Ra2 Nxc1 26. Rxc1 Qxf4+ 0-1

[Event "Sydney International Open"]
[Site "*"]
[Date "2007.04.13"]
[Round "7.58"]
[White "McKenzie, Mark"]
[Black "Szuveges, Narelle S"]
[Result "0-1"]
[WhiteElo "1214"]
[BlackElo "1841"]
[PlyCount "58"]

1. d4 Nf6 2. c4 g6 3. Nc3 Bg7 4. e4 d6 5. f3 O-O 6. Nge2 h6 7. Ng3 Nbd7 8. Bd3
e5 9. d5 Nc5 10. Bc2 a5 11. O-O Ne8 12. Na4 Nxa4 13. Bxa4 b6 14. Bd2 Bd7 15.
Bxd7 Qxd7 16. a4 f5 17. Qc2 f4 18. Ne2 Nf6 19. Ra3 Kh7 20. Rfa1 g5 21. h3 h5
22. Kh2 Bh6 23. g4 hxg4 24. hxg4 Nxg4+ 25. fxg4 Qxg4 26. Be1 f3 27. Ng1 Qh5+
28. Nh3 g4 29. Kg3 Qxh3+ 0-1

[Event "Sydney International Open"]
[Site "*"]
[Date "2007.04.13"]
[Round "7.59"]
[White "Anton, Sarah"]
[Black "Descallar, Levi"]
[Result "0-1"]
[WhiteElo "754"]
[BlackElo "1787"]
[PlyCount "88"]

1. e4 c6 2. d4 g6 3. Nf3 Bg7 4. c3 d6 5. Be3 Nf6 6. Bd3 Nbd7 7. Nbd2 O-O 8. O-O
Re8 9. h3 e5 10. dxe5 dxe5 11. b4 Qc7 12. Qb3 Nf8 13. Rad1 Ne6 14. Nc4 Nh5 15.
g3 b6 16. Nh2 c5 17. a3 b5 18. bxc5 bxc4 19. Qxc4 a5 20. Be2 Ba6 21. Qa2 Bxe2
22. Qxe2 Nxc5 23. Qc4 Rec8 24. Rd2 Nf6 25. f3 Ne6 26. Qxc7 Rxc7 27. Rc2 Bf8 28.
Ra1 Nc5 29. Bxc5 Bxc5+ 30. Kf1 Rac8 31. Ke2 Bd4 32. Nf1 Rxc3 33. Rxc3 Rxc3 34.
a4 Nd7 35. Rb1 Rc2+ 36. Kd3 Rb2 37. Rc1 Nc5+ 38. Kc4 Nxa4 39. f4 Nb6+ 40. Kd3
Rb3+ 41. Ke2 a4 42. f5 gxf5 43. exf5 Kg7 44. g4 Rxh3 0-1

[Event "Sydney International Open"]
[Site "*"]
[Date "2007.04.13"]
[Round "7.62"]
[White "Gearing, Michael"]
[Black "Stahnke, Alexander"]
[Result "1/2-1/2"]
[WhiteElo "1661"]
[BlackElo "1429"]
[PlyCount "57"]

1. e4 c5 2. Nc3 d6 3. g3 Nf6 4. Bg2 g6 5. d3 Bg7 6. f4 O-O 7. Nf3 Nc6 8. Be3
Bd7 9. O-O Rb8 10. a4 a6 11. Qd2 b5 12. h3 b4 13. Nd1 Qc7 14. Rb1 Rfc8 15. Nh4
Nd4 16. b3 Ne6 17. f5 Nf8 18. Bh6 d5 19. Bf4 Qb6 20. Bxb8 Qxb8 21. fxg6 hxg6
22. Qf4 e5 23. Qd2 dxe4 24. dxe4 Rd8 25. Qe2 Ne6 26. Nf3 a5 27. Nb2 Bc6 28. Nh4
Qc7 29. Nc4 1/2-1/2

[Event "Sydney International Open"]
[Site "*"]
[Date "2007.04.13"]
[Round "7.63"]
[White "Ninchich, Milan"]
[Black "Kumar, Dhirendra"]
[Result "1-0"]
[WhiteElo "1647"]
[BlackElo "1314"]
[PlyCount "62"]

1. e4 c5 2. Nc3 d6 3. Bc4 Nf6 4. d4 cxd4 5. Qxd4 Nc6 6. Qd2 e6 7. f3 a6 8. Nge2
Be7 9. O-O Bd7 10. a3 O-O 11. Ng3 Ne5 12. Bb3 b5 13. Nce2 Rc8 14. Nd4 Nc4 15.
Qd1 Qb6 16. Kh1 a5 17. Bxc4 Rxc4 18. Be3 Qc7 19. c3 b4 20. axb4 axb4 21. Nde2
bxc3 22. bxc3 Ne8 23. Ra7 Qc8 24. Qb3 d5 25. Rd1 Bc5 26. Bxc5 Rxc5 27. c4 Rxc4
28. Rxd7 Qxd7 29. Qxc4 Nd6 30. Qd3 Qb5 31. exd5 Nf5 1-0

[Event "Sydney International Open"]
[Site "*"]
[Date "2007.04.13"]
[Round "7.65"]
[White "Evans, David A"]
[Black "Ren, Jonathan"]
[Result "1-0"]
[WhiteElo "1597"]
[BlackElo "1337"]
[PlyCount "97"]

1. Nf3 d5 2. g3 Nc6 3. Bg2 Nf6 4. O-O e5 5. d3 Bf5 6. Nh4 Bc5 7. Nxf5 O-O 8.
Bg5 d4 9. Nd2 h6 10. Bxf6 Qxf6 11. Bh3 h5 12. Ne4 Qd8 13. Nxc5 b6 14. Bg2 bxc5
15. Bxc6 Rb8 16. Qc1 Qf6 17. Be4 g6 18. Nh4 Qg7 19. Qg5 Rb6 20. Bd5 Kh7 21. Be4
f5 22. Bd5 Rd6 23. Bc4 Qf6 24. Qxf6 Rfxf6 25. Nf3 e4 26. dxe4 fxe4 27. Ng5+ Kh6
28. Nxe4 Rb6 29. Nxf6 Rxf6 30. e3 Rb6 31. b3 Rd6 32. e4 Kg7 33. e5 Rd8 34. Rfd1
Re8 35. e6 Kf6 36. Rd3 g5 37. Rf3+ Ke5 38. Re1+ Kd6 39. Rf7 Kc6 40. a4 a6 41.
Bxa6 Kb6 42. Bb5 Ka5 43. e7 Kb4 44. Rf8 Rxe7 45. Rxe7 Kc3 46. Re2 Kb4 47. a5
Kxa5 48. Rb8 h4 49. Re1 1-0

[Event "Sydney International Open"]
[Site "*"]
[Date "2007.04.13"]
[Round "7.66"]
[White "Setiabudi, Allen"]
[Black "Wettstein, Carla"]
[Result "1-0"]
[WhiteElo "1476"]
[BlackElo "1487"]
[PlyCount "61"]

1. e4 Nf6 2. e5 Nd5 3. c4 Nb6 4. d4 d6 5. f4 Bf5 6. Bd3 Bxd3 7. Qxd3 e6 8. Nf3
Be7 9. O-O O-O 10. b3 dxe5 11. fxe5 N8d7 12. Rd1 c6 13. Nc3 f6 14. Ne4 fxe5 15.
dxe5 Qc7 16. Nd6 Rad8 17. c5 Nxc5 18. Qe3 Ncd7 19. Ba3 Nc8 20. Rac1 Qa5 21. Nc4
Qc7 22. Bd6 Bxd6 23. exd6 Qb8 24. Qxe6+ Kh8 25. Ng5 b5 26. Ne3 Qb6 27. Kh1 Ne5
28. Qxe5 Rde8 29. Ne6 Rf6 30. d7 Rfxe6 31. dxe8=Q+ 1-0

[Event "Sydney International Open"]
[Site "*"]
[Date "2007.04.13"]
[Round "7.67"]
[White "Tulic, Ido"]
[Black "Sweeney, Matthew"]
[Result "0-1"]
[WhiteElo "1450"]
[BlackElo "1267"]
[PlyCount "47"]

1. e4 d5 2. Nc3 d4 3. Nd5 e5 4. a3 a5 5. c3 c6 6. Nf3 cxd5 7. Nxe5 dxc3 8. dxc3
dxe4 9. Qxd8+ Kxd8 10. Nxf7+ Ke7 11. Nxh8 Be6 12. Bg5+ Nf6 13. Bb5 g6 14. b3
Bg7 15. O-O Bxh8 16. Rfe1 Kf7 17. Bxf6 Bxf6 18. Rxe4 Nc6 19. Bc4 Bxc4 20. Rxc4
Rd8 21. Rf4 g5 22. Rf5 Kg6 23. Rc5 Rd3 24. Rc1 {Both players record the next
move as 24...Ne4?? (an illegal move) and give the finish as 25. g3 Nxc5 26. b4
axb4 27. cxb4 Ne6 28. b4 Ra3 White resigned.} 0-1

[Event "Sydney International Open"]
[Site "*"]
[Date "2007.04.13"]
[Round "7.69"]
[White "Watson, Jean"]
[Black "Tan, Justin"]
[Result "1/2-1/2"]
[WhiteElo "1234"]
[BlackElo "367"]
[PlyCount "69"]

1. d4 d5 2. Nf3 Nf6 3. e3 c5 4. Be2 Nc6 5. O-O Bg4 6. b3 e6 7. Bb2 Bd6 8. Nbd2
b6 9. c4 O-O 10. cxd5 exd5 11. dxc5 bxc5 12. h3 Bh5 13. a3 Ne4 14. Qc2 Bg6 15.
Bd3 Nxd2 16. Qxd2 Bxd3 17. Qxd3 Rb8 18. Qc3 f6 19. Rfd1 Kh8 20. Qd3 Ne7 21.
Rac1 Qb6 22. Rc3 c4 23. Qb1 cxb3 24. Rdd3 Bc5 25. Qd1 Qd6 26. Rxb3 Rxb3 27.
Rxb3 Nc6 28. Rd3 Rd8 29. e4 d4 30. Qa4 Ne5 31. Nxe5 fxe5 32. Bc1 Rf8 33. Bd2
Qf6 34. f3 Rb8 35. Bb4 1/2-1/2

[Event "Sydney International Open"]
[Site "*"]
[Date "????.??.??"]
[Round "8.3"]
[White "Mikhalevski, Victor"]
[Black "Bakre, Tejas"]
[Result "1-0"]
[WhiteElo "2590"]
[BlackElo "2426"]
[PlyCount "132"]

1. d4 Nf6 2. c4 e6 3. g3 d5 4. Bg2 Be7 5. Nf3 O-O 6. O-O dxc4 7. Qc2 a6 8. Qxc4
b5 9. Qc2 Bb7 10. Bd2 Be4 11. Qc1 Bb7 12. Bf4 Nd5 13. Nc3 Nxf4 14. Qxf4 Nd7 15.
Rfd1 Bd6 16. Qe3 Nb6 17. Ne5 Bxg2 18. Kxg2 f5 19. f4 b4 20. Nb1 Bxe5 21. Qxe5
Qd5+ 22. Qxd5 Nxd5 23. Kf3 a5 24. Nd2 a4 25. Nc4 a3 26. bxa3 bxa3 27. Rd3 Ra4
28. Rc1 Rfa8 29. Ne3 Nb4 30. Rd2 R8a7 31. d5 Kf7 32. dxe6+ Kxe6 33. Rc4 g6 34.
h3 h5 35. Nd1 c5 36. Rxc5 R4a5 37. Rc4 Rd5 38. Rxd5 Nxd5 39. Nf2 Rc7 40. Ra4
Rc3+ 41. Nd3 Nf6 42. Ra6+ Kf7 43. Ke3 Kg7 44. Ra5 Ne4 45. g4 hxg4 46. hxg4 Rc2
47. Rxa3 Nc3 48. Ra7+ Kg8 49. gxf5 gxf5 50. Nb4 Rb2 51. Nc6 Nxe2 52. Ne7+ Kf7
53. Nxf5+ Ke6 54. Ra5 Nc3 55. Nd4+ Kd6 56. a3 Ra2 57. Kd3 Nd5 58. Ke4 Nc3+ 59.
Kd3 Nb1 60. Nc2 Rb2 61. a4 Rb3+ 62. Kd4 Rf3 63. Ra6+ Ke7 64. Ke5 Nd2 65. f5
Nc4+ 66. Ke4 Rf1 {Remaining moves illegible, White won on move 93 or 94.} 1-0

[Event "Sydney International Open"]
[Site "*"]
[Date "2007.04.14"]
[Round "8.4"]
[White "Chandler, Murray G"]
[Black "Xie, George"]
[Result "1/2-1/2"]
[WhiteElo "2548"]
[BlackElo "2404"]
[PlyCount "78"]

1. e4 c5 2. Nc3 e6 3. Nf3 Nc6 4. d4 cxd4 5. Nxd4 Nf6 6. Ndb5 d6 7. Bf4 e5 8.
Bg5 a6 9. Na3 b5 10. Nd5 Be7 11. Bxf6 Bxf6 12. c3 Bg5 13. Nc2 Ne7 14. Ncb4 O-O
15. a4 bxa4 16. Rxa4 a5 17. Nxe7+ Qxe7 18. Bc4 Bd7 19. Nd5 Qe6 20. Ra2 Qg6 21.
Qd3 Rab8 22. O-O Kh8 23. b3 f5 24. exf5 Bxf5 25. Qg3 Bd8 26. Qxg6 Bxg6 27. Rd1
Rc8 28. Ne3 Rc6 29. Rad2 Bc7 30. Nd5 Bd8 31. Bb5 Rc8 32. Bd7 Rb8 33. Ba4 Bf7
34. Ne3 Bb6 35. Rxd6 Bxe3 36. fxe3 Bxb3 37. Bxb3 Rxb3 38. R6d5 Rxc3 39. Rxe5 a4
1/2-1/2

[Event "Sydney International Open"]
[Site "*"]
[Date "2007.04.14"]
[Round "8.5"]
[White "Bjelobrk, Igor"]
[Black "Antic, Dejan"]
[Result "0-1"]
[WhiteElo "2386"]
[BlackElo "2443"]
[PlyCount "80"]

1. d4 Nf6 2. c4 g6 3. Nc3 Bg7 4. e4 d6 5. f3 O-O 6. Nge2 a6 7. Be3 Nbd7 8. Qd2
c5 9. dxc5 dxc5 10. Nc1 b6 11. Be2 Ne5 12. Nb3 Qxd2+ 13. Bxd2 Nc6 14. O-O-O Bd7
15. Bg5 Be6 16. Nd5 Rab8 17. Kb1 Rb7 18. Bxf6 Bxf6 19. Nxf6+ exf6 20. Rd6 Rc8
21. Rhd1 Kf8 22. Kc2 Ke7 23. Kc3 a5 24. a4 Bd7 25. R6d2 Nb4 26. Ra1 f5 27. e5
f4 28. g3 fxg3 29. hxg3 h5 30. Nc1 h4 31. gxh4 Rh8 32. Nd3 Rxh4 33. Nxb4 cxb4+
34. Kd3 Rc7 35. Ke3 Be6 36. b3 Rc5 37. f4 g5 38. fxg5 Rxe5+ 39. Kf3 Rh3+ 40.
Kf4 Rf5+ 0-1

[Event "Sydney International Open"]
[Site "*"]
[Date "2007.04.14"]
[Round "8.7"]
[White "Bucher, Denis"]
[Black "Johansen, Darryl K"]
[Result "0-1"]
[WhiteElo "2315"]
[BlackElo "2456"]
[PlyCount "124"]

1. e4 c5 2. c3 e6 3. d4 d5 4. e5 Ne7 5. Nf3 Nec6 6. Bd3 b6 7. a3 a5 8. O-O Ba6
9. Bxa6 Nxa6 10. dxc5 Nxc5 11. Be3 a4 12. Nbd2 Be7 13. Qe2 O-O 14. Rfd1 Qc7 15.
Bd4 Qb7 16. Rac1 b5 17. Bxc5 Bxc5 18. Nf1 Qb6 19. Ng3 Rac8 20. Nh5 Kh8 21. Qd2
f6 22. exf6 gxf6 23. Qh6 Bxf2+ 24. Kh1 Rf7 25. Nxf6 Be3 26. Ng5 Bxg5 27. Qxg5
Rcf8 28. Ng4 Qc7 29. Re1 Rg8 30. Qh5 Rf5 31. Qh4 Rf4 32. h3 Ne5 33. Qh5 Nxg4
34. hxg4 Rgxg4 35. Qe5+ Qxe5 36. Rxe5 Re4 37. Rxe4 Rxe4 38. Rc2 Kg7 39. Rf2 Kg6
40. g3 Re5 41. Kg2 Re1 42. Kh3 Kg5 43. Kg2 e5 44. Rd2 Kf5 45. Rxd5 Re2+ 46. Kf3
Rxb2 47. g4+ Ke6 48. Rc5 Kd6 49. Rc8 Rb3 50. Ke2 Rxa3 51. Rd8+ Kc7 52. Rd5 Kb6
53. Kd3 b4 54. Kc4 b3 55. Rxe5 Ra2 56. Rb5+ Kc6 57. Rc5+ Kd6 58. Rd5+ Ke6 59.
Rd1 b2 60. Rb1 a3 61. Kb3 Ra1 62. Kc2 Kd5 0-1